Rozvoj technológie obrábania RTO 2002 Česká republika, Maďarsko, Poľsko, Slovensko : 4. medzinárodná vedecká konferencia : Košice 22. a 23. 5. 2002

Bibliographic Details
Corporate Author: Rozvoj technológie obrábania Košice, Slovensko (Author)
Other Authors: Beňo, Jozef, 1952- (Editor), Maňková, Ildikó, 1952- (Editor)
Format: Conference Proceeding Book
Language:Slovak
PhysicalDescription:xiv, 371 s. fotogr., grafy, sch., tab. 30 cm
Published: Košice Technická univerzita c2002
ISBN:8070997966
Subjects:

MARC

LEADER 00000nam a2200000 a 4500
001 vtls001449200
003 SK-MaSNL
005 20260301054434.0
008 240226s2002 xo a r 001 0 slo
015 |a SNBA2003/10-03651 
020 |a 8070997966 
035 |a SNK000404475 
035 |a urn:nbn:sk:snk-amyezy 
035 |a urn:nbn:sk:snk-am00cf2l 
035 |a 51105D72-7860-4306-BAD0-DFE3793F73D8 
040 |a SNK  |b slo  |c SNK  |e AACR2 
041 0 |a slo 
044 |a xo  |c SK 
072 7 |a 621  |2 konspekt 
080 |a 621.7/.9  |2 1981 
080 |a 621.9  |2 1981 
080 |a 621.9(082)=00  |2 1981 
080 |a (063)  |2 1981 
111 2 |a Rozvoj technológie obrábania  |n (4. :  |d 2002 :  |c Košice, Slovensko)  |4 aut  |9 366488 
245 1 0 |a Rozvoj technológie obrábania RTO 2002  |b Česká republika, Maďarsko, Poľsko, Slovensko : 4. medzinárodná vedecká konferencia : Košice 22. a 23. 5. 2002  |c [editor: Jozef Beňo, Ildikó Maňková] 
246 3 1 |a Development of metal cutting DMC 2002 
260 |a Košice  |b Technická univerzita  |c c2002 
300 |a xiv, 371 s.  |b fotogr., grafy, sch., tab.  |c 30 cm 
500 |a Čiast. text čes., angl., maď. a poľ. 
500 |a Súbež. názov angl. 
500 |a 100 výt. 
504 |a Bibliogr. odkazy. Res. angl. 
650 0 7 |a strojárska technológia  |2 SNKPH  |9 65980 
650 0 7 |a obrábanie  |2 SNKPH  |9 25661 
650 0 7 |a technológia  |2 SNKPH  |9 66619 
655 7 |a zbierky  |2 SNKPH  |9 70533 
655 7 |a zborníky konferencií  |2 SNKPH  |9 70153 
700 1 |a Beňo, Jozef,  |d 1952-  |4 edt  |9 193971 
700 1 |a Maňková, Ildikó,  |d 1952-  |4 edt  |9 193972 
919 |a 80-7099-796-6 
954 |a odborná, vedecká literatúra pôvodná (slovenská)  |2 lita 
958 |a NB 
958 |a OND 
968 |d 62 
999 |c 610913  |d 612843 
952 |t P60, <91>, [BOOK], {603}  |a SNK  |b SNK  |y NEVYP  |7 0  |p 17A0374619  |o snkSB 66278  |i snkKSP 1957/2003  |0 0  |1 0  |4 0  |d 2003-02-11  |f 1  |l 0  |r 2025-04-17 00:00:00  |w 2026-02-23 
952 |t P60, <04>, [BOOK], {604}  |a SNK  |b SNK  |y VYP  |7 0  |p 17A0374620  |o snkSB 66278 D1  |i snkKSP 1958/2003  |0 0  |1 0  |4 0  |d 2003-02-11  |l 0  |r 2005-01-02 00:00:00  |w 2026-02-23